000 00589nam a2200229Ia 4500
003 OSt
005 20220924150530.0
006 a|||||r|||| 00| 0
007 ta
008 220923b |||||||| |||| 00| 0 tel d
024 _a333548
037 _cTextual
040 _aARTS
_cARTS
_btel
041 _2tel
_atel
082 _aO35,1NRA4,4, L7
100 _aChoudhary Ramaswamy
_9222339
245 0 _aKurukshetra sangramamu
260 _c1977
650 _aTELUGU POETRY
942 _hO35,1NRA4,4, L7
_cTEXL
_2CC
999 _c463670
_d463670